000 00630cam a2200145 4500500
005 20251228082838.0
041 _afre
042 _adc
100 1 0 _aEsmein-Sarrazin, Camille
_eauthor
245 0 0 _aNathalie Grande, Stratégies de romancières. De Clélie à La Princesse de Clèves (1654-1678), Paris, Honoré Champion, « Lumières classiques », 1999. Un vol. 24 × 16 cm de 497 p.
260 _c2004.
500 _a30
786 0 _nDix-septième siècle | 222 | 1 | 2004-03-01 | p. 109e-148e | 0012-4273
856 4 1 _uhttps://shs.cairn.info/revue-dix-septieme-siecle-2004-1-page-109e?lang=fr&redirect-ssocas=7080
999 _c1599891
_d1599891